Knowing scripture / (Record no. 9540)

MARC details
000 -LEADER
fixed length control field 01455cam a2200349 i 4500
001 - CONTROL NUMBER
control field 19271598
003 - CONTROL NUMBER IDENTIFIER
control field GBCCL
005 - DATE AND TIME OF LATEST TRANSACTION
control field 20241126110714.0
008 - FIXED-LENGTH DATA ELEMENTS--GENERAL INFORMATION
fixed length control field 160912s2016 ilu b 000 0 eng
010 ## -
-- 2016041775
020 ## - INTERNATIONAL STANDARD BOOK NUMBER
International Standard Book Number 9780830844685 (pbk. : alk. paper)
040 ## - CATALOGING SOURCE
Original cataloging agency DLC
Language of cataloging eng
Transcribing agency DLC
Description conventions rda
Modifying agency DLC
042 ## -
-- pcc
050 00 -
-- BS600.3
-- .S67 2016
082 00 - DEWEY DECIMAL CLASSIFICATION NUMBER
Classification number 220.071
Edition information 23
Item number SPR
100 1# - MAIN ENTRY--PERSONAL NAME
Personal name Sproul, R. C.
Fuller form of name (Robert Charles),
Dates associated with a name 1939-
Relator term author.
9 (RLIN) 1291
245 10 - TITLE STATEMENT
Title Knowing scripture /
Statement of responsibility, etc. R.C. Sproul ; foreword by J.I. Packer.
250 ## - EDITION STATEMENT
Edition statement Expanded edition.
264 #1 - PRODUCTION, PUBLICATION, DISTRIBUTION, MANUFACTURE, AND COPYRIGHT NOTICE
Place of production, publication, distribution, manufacture Downers Grove :
Name of producer, publisher, distributor, manufacturer IVP Books an imprint of InterVarsity Press,
Date of production, publication, distribution, manufacture, or copyright notice [2016]
300 ## - PHYSICAL DESCRIPTION
Extent 152 pages ;
Dimensions 20 cm
336 ## - CONTENT TYPE
Content type term text
Content type code txt
Source rdacontent
337 ## - MEDIA TYPE
Media type term unmediated
Media type code n
Source rdamedia
338 ## - CARRIER TYPE
Carrier type term volume
Carrier type code nc
Source rdacarrier
504 ## - BIBLIOGRAPHY, ETC. NOTE
Bibliography, etc. note Includes bibliographical references.
630 00 - SUBJECT ADDED ENTRY--UNIFORM TITLE
Uniform title Bible
General subdivision Study and teaching.
9 (RLIN) 498
630 00 - SUBJECT ADDED ENTRY--UNIFORM TITLE
Uniform title Bible
General subdivision Hermeneutics.
9 (RLIN) 1790
700 1# - ADDED ENTRY--PERSONAL NAME
Personal name Packer, J. I.,
Relator term writer of foreword.
9 (RLIN) 1508
776 08 - ADDITIONAL PHYSICAL FORM ENTRY
Relationship information Online version:
Main entry heading Sproul, R. C. (Robert Charles), 1939- author.
Title Knowing Scripture
Edition Expanded Edition.
Place, publisher, and date of publication Downers Grove : InterVarsity Press, 2016
International Standard Book Number 9780830893294
Record control number (DLC) 2016044087
906 ## - LOCAL DATA ELEMENT F, LDF (RLIN)
a 7
b cbc
c orignew
d 1
e ecip
f 20
g y-gencatlg
942 ## - ADDED ENTRY ELEMENTS (KOHA)
Source of classification or shelving scheme Dewey Decimal Classification
Koha item type Books
Koha issues (borrowed), all copies 2
Holdings
Withdrawn status Lost status Source of classification or shelving scheme Damaged status Not for loan Home library Current Library Shelving location Date acquired Total checkouts Total renewals Full call number Barcode Date last seen Date last checked out Copy number Price effective from Koha item type
    Dewey Decimal Classification     GRACE BIBLE COLLEGE GRACE BIBLE COLLEGE Biblical Studies 2023-03-14 4 1 220.071 SPR 016032 2025-12-01 2025-11-21 c.1 2023-03-14 Books
© Grace Bible College Library 2025